Другое благовестие. 3: Гностические сочинения II-III вв. и некоторые проблемы раннего христианства (Запись № 12516562)

Подробности
000 -МАРКЕР
контрольное поле 02217nam2a2200325 4500
001 - ИДЕНТИФИКАТОР ЗАПИСИ
контрольное поле RU\NLR\BIBL_A\022022492
005 - ИДЕНТИФИКАТОР ВЕРСИИ
контрольное поле 20250625091118.0
010 ## - МЕЖДУНАРОДНЫЙ СТАНДАРТНЫЙ НОМЕР КНИГИ (ISBN)
Номер (ISBN) 978-5-4469-2105-8
Тираж 500
021 ## - НОМЕР ГОСУДАРСТВЕННОЙ РЕГИСТРАЦИИ
Код страны российская федерация
Номер 2023-50936
Номер Листа государственной регистраци КН-П-5115
035 ## - ДРУГИЕ СИСТЕМНЫЕ НОМЕРА
Идентификатор записи (NLR Aleph) 022022492
100 ## - ДАННЫЕ ОБЩЕЙ ОБРАБОТКИ
Данные общей обработки 20230911d2023 |||y0rusy50 ca
101 0# - ЯЗЫК РЕСУРСА
Язык текста, звукозаписи и т.д. русский
Язык резюме английский
102 ## - СТРАНА ПУБЛИКАЦИИ ИЛИ ПРОИЗВОДСТВА
Страна публикации российская федерация
105 ## - ПОЛЕ КОДИРОВАННЫХ ДАННЫХ: ТЕКСТОВЫЕ МАТЕРИАЛЫ, МОНОГРАФИЧЕСКИЕ
Кодированные данные о монографическом текстовом документе y z 000zy
200 1# - ЗАГЛАВИЕ И СВЕДЕНИЯ ОБ ОТВЕТСТВЕННОСТИ
Основное заглавие Гностические сочинения II-III вв. и некоторые проблемы раннего христианства
Параллельное заглавие Gnostic scriptures of the second and third centuries and some ptoblems of early christianity
Язык параллельного заглавия английский
210 ## - ПУБЛИКАЦИЯ, РАСПРОСТРАНЕНИЕ И ДР.
Место издания, распространения и т.д. Санкт-Петербург
Имя издателя, распространителя и т. д. Нестор-История
Дата издания, распространения и т.д. 2023
215 ## - ФИЗИЧЕСКАЯ ХАРАКТЕРИСТИКА
Специфическое обозначение материала и объем 466 с.
300 ## - ОБЩИЕ ПРИМЕЧАНИЯ
Текст примечания Рез. англ.
320 ## - ПРИМЕЧАНИЯ О НАЛИЧИИ В ДОКУМЕНТЕ БИБЛИОГРАФИИ / УКАЗАТЕЛЯ
Текст примечания Библиогр.: с. 376-435, в подстроч. примеч. и в тексте
327 1# - ПРИМЕЧАНИЯ О СОДЕРЖАНИИ
Текст примечания Кн. содержит: "Второе слово великого Сифа" и "Послание Петра Филиппу"
461 #0 - УРОВЕНЬ НАБОРА
Встроенное поле 001RU\NLR\BIBL_A\011653375
-- 2001#$aДругое благовестие$dA different gospel$fА. Л. Хосроев$gРоссийская академия наук, Институт восточных рукописей (Азиатский музей)$zeng$v3
-- 700#1$aХосроев$bА. Л.$cд-р ист. наук, коптолог$f1953-$gАлександр Леонович$3RU\NLR\AUTH\770147370
Системный номер (АБИС) связанной записи 11140789
Автор Хосроев, А. Л. (д-р ист. наук, коптолог ; 1953-)
Место публикации Санкт-Петербург
Дата публикации 2016
Первые сведения об ответственности А. Л. Хосроев
Параллельное заглавие A different gospel
Имя издателя, распространителя и т.д. Контраcт
Заглавие Другое благовестие
Номер тома 3
500 10 - УНИФИЦИРОВАННОЕ ЗАГЛАВИЕ
Графика поля Кириллица
Унифицированное заглавие Второе слово великого Сифа
Системный номер авторитетной/нормативной записи 2639959
Идентификатор авторитетной / нормативной записи RU\NLR\AUTH\5508987
500 10 - УНИФИЦИРОВАННОЕ ЗАГЛАВИЕ
Графика поля Кириллица
Унифицированное заглавие Послание Петра Филиппу
Системный номер авторитетной/нормативной записи 2639960
Идентификатор авторитетной / нормативной записи RU\NLR\AUTH\5508988
510 1# - ПАРАЛЛЕЛЬНОЕ ЗАГЛАВИЕ
Связь между полями z11790
Параллельное заглавие Gnostic scriptures of the second and third centuries and some ptoblems of early christianity
Язык заглавия английский
790 #1 - ИМЯ ЛИЦА - АЛЬТЕРНАТИВНАЯ ФОРМА
Графика поля Латинская
Материалы, к которым относится поле rus
Начальный элемент ввода Chosroev
Часть имени, кроме начального элемента ввода A. L.
Дополнения к именам, кроме дат д-р ист. наук, коптолог
Даты 1953-
Расширение инициалов личного имени Aleksandr Leonovič
Системный номер авторитетной/нормативной записи 147333
Идентификатор авторитетной/нормативной записи RU\NLR\AUTH\770147369
942 ## - ДОПОЛНИТЕЛЬНЫЕ ЭЛЕМЕНТЫ ЗАПИСИ (АБИС)
Тип экземпляра АБИС Книга
980 ## - КОЛЛЕКЦИЯ
Название коллекции Национальная библиография
Экземпляры
Тип экземпляра Дата поступления Источник поступления Библиотека постоянного хранения Библиотека текущего хранения Место хранения Шифр хранения Штрих-код Статус не для выдачи
Книга 11.09.2023 Обязательный экземпляр РНБ (Московский) РНБ (Московский) Русский книжный фонд: издания с 1957 года, 9этаж 2015-7/4040 1-4328885  
Книга 11.09.2023 Обязательный экземпляр РНБ (Московский) РНБ (Московский) Русский книжный фонд: издания с 1957 года, 9этаж 2015-7/4040 1-4328889